Score 0/11 Timer 03:00
0 Plays Today
% Correct
Ned Stark's head
98.1%
Red Wedding
97.9%
Castle Black
97.8%
Tyrion Lannister
97.1%
Dragon's Eggs
96.4%
Iron Throne
95.8%
White Walker
94.5%
Jaime Lannister
93.4%
Oberyn Martell and the Mountain
91.9%
Bran and Hodor
85.8%
Weirwood
62.5%
Come Together.
Have Fun.
All Virtual.
We all need to come together. Play Sporcle's virtual live trivia to have fun, connect with people, and get your trivia on. Join a live hosted trivia game for your favorite pub trivia experience done virtually. If a virtual private party is more your thing, go here for details.

You're not logged in!

Compare scores with friends on all Sporcle quizzes.
OR
Log In

Sporcle TV

Today on Sporcle TV


Watch our educational content, quiz creation guides, and fun videos on Sporcle TV.

Show Comments

Extras

Top Quizzes Today


Score Distribution

Paid Content

Your Account Isn't Verified!

In order to create a playlist on Sporcle, you need to verify the email address you used during registration. Go to your Sporcle Settings to finish the process.

Report this User

Report this user for behavior that violates our Community Guidelines.

Details: